Mexico - Choix multiples - Statistiques

Statistiques générales
  • Ce quiz a été pris 47 fois
  • Le résultat moyen est 6 sur 10
Statistiques - réponses
Question Réponse % Correct
Qui a refondé la ville de Mexico après la chute de l'Empire aztèque ? Hernán Cortés
85%
Lequel de ces peintres est né Mexico ? Frida Kahlo
83%
Quel homme politique connu pour avoir été le principal rival de Joseph Staline a été assassiné à Mexico en 1940 ? Léon Trotsky
73%
Quel volcan peut-on appercevoir depuis Mexico par temps clair ? Le Popocatepetl
73%
Quel était le nom de la cité aztèque sur laquelle Mexico a été construite ? Tenochtitlan
70%
Quel est le nom de la division administrative à laquelle Mexico a été la capitale entre 1535 et 1821 ? Nouvelle-Espagne
68%
Quel film de James Bond se déroule en partie à Mexico pendant la fête des morts ? 007 Spectre
55%
Quand Mexico a-t-elle accueilli les Jeux olympiques d'été ? 1968
55%
Sur laquelle de ces images se trouve le musée de Soumaya ?
40%
Quelle place se trouve au cœur de Mexico et dont une partie est populairement nommée Zócalo? Place de la Constitution
33%
Aucun quiz correspondant
Distribution des résultats
% des personnes avec chaque résultat
Percentile par nombre de réponses
Votre historique - résultats
Vous n’avez pas pris ce quiz